| 000 | 00652nam a2200253Ia 4500 | ||
|---|---|---|---|
| 003 | OSt | ||
| 005 | 20221005030512.0 | ||
| 006 | a|||||r|||| 00| 0 | ||
| 007 | ta | ||
| 008 | 221004b |||||||| |||| 00| 0 eng d | ||
| 020 | _a0521644127 | ||
| 024 | _a76478 | ||
| 037 | _cTextual | ||
| 040 |
_aCRL _cCRL _beng |
||
| 041 |
_2eng _aeng |
||
| 082 | _aV461, P2 | ||
| 100 |
_aMadawi Al-Rasheed _9582785 |
||
| 245 | 0 | _aHistory of Saudi Arabia | |
| 260 |
_aCambridge _bCambridge university press UK _c2002 |
||
| 300 |
_a255p _ccm. |
||
| 650 | _aHISTORY | ||
| 942 |
_hV461, P2 _cTEXL _2cc |
||
| 999 |
_c936315 _d936315 |
||